Закономерности в развитии средневековой архитектуры. Центральные области Византии, Греция, Малая Азия, Сирия, Месопотамия, югославянские страны, Древняя Русь, Закавказье, Средняя Азия

Detaylı Bibliyografya
Yazar: Якобсон А. Л. Анатолий Леопольдович
Müşterek Yazar: Академия наук СССР (АН СССР)
Dil:Rusça
Baskı/Yayın Bilgisi: Ленинград, Наука, 1985
Seri Bilgileri:Из истории мировой культуры
Konular:
Materyal Türü: Kitap
KOHA link:https://koha.lib.tpu.ru/cgi-bin/koha/opac-detail.pl?biblionumber=234533

MARC

LEADER 00000nam0a2200000 4500
001 234533
005 20231101231329.0
020 |a RU  |b 85-61204 
035 |a (RuTPU)RU\TPU\book\255657 
090 |a 234533 
100 |a 20130326d1985 k y0rusy5003 ca 
101 0 |a rus 
102 |a RU 
105 |a a z 001zy 
200 1 |a Закономерности в развитии средневековой архитектуры. Центральные области Византии, Греция, Малая Азия, Сирия, Месопотамия, югославянские страны, Древняя Русь, Закавказье, Средняя Азия  |f А. Л. Якобсон  |g Академия наук СССР (АН СССР) 
210 |a Ленинград  |c Наука  |d 1985 
215 |a 152 с.  |c ил., 1 л. карт  |d 20 см 
225 1 |a Из истории мировой культуры 
606 1 |a Архитектура  |x История  |2 stltpush  |3 (RuTPU)RU\TPU\subj\29465 
606 1 |a Искусство  |x История  |2 stltpush  |3 (RuTPU)RU\TPU\subj\13188  |9 39839 
610 1 |a средние века 
610 1 |a зодчество 
610 1 |a закономерности 
610 1 |a купольные конструкции 
610 1 |a купольная архитектура 
610 1 |a Византия 
610 1 |a Ближний Восток 
610 1 |a Закавказье 
610 1 |a Малая Азия 
610 1 |a Сирия 
610 1 |a Древняя Русь 
675 |a 72(09)  |z rus 
700 1 |a Якобсон  |b А. Л.  |g Анатолий Леопольдович  |4 070 
712 0 2 |a Академия наук СССР (АН СССР)  |2 stltpush  |3 (RuTPU)RU\TPU\col\722 
801 0 |a RU  |b RuMRKP  |c 19950704  |g psbo 
801 1 |a RU  |b 63413507  |c 20130326 
801 2 |a RU  |b 63413507  |c 20130411  |g RCR 
942 |c BK